En defensa de la Ilustración / (Record no. 14718)

MARC details
000 -LEADER
campo de control de longitud fija 00925nam a2200277 i 4500
001 - NÚMERO DE CONTROL
campo de control 14718
003 - IDENTIFICADOR DE NÚMERO DE CONTROL
campo de control ES-MaACL
005 - FECHA Y HORA DE LA ÚLTIMA TRANSACCIÓN
campo de control 20250405195706.0
007 - CAMPO FIJO DE DESCRIPCIÓN FÍSICA--INFORMACIÓN GENERAL
campo de control de longitud fija t|
008 - DATOS DE LONGITUD FIJA--INFORMACIÓN GENERAL
campo de control de longitud fija 990527s1999 sp ||||1| spa d
020 ## - NÚMERO INTERNACIONAL ESTÁNDAR DEL LIBRO
Número Internacional Estándar del Libro 84-89846-38-3
080 ## - NÚMERO DE LA CLASIFICACIÓN DECIMAL UNIVERSAL
Número de la Clasificación Decimal Universal 008(4)"17"
100 1# - ENTRADA PRINCIPAL--NOMBRE DE PERSONA
Nombre de persona Kant, Immanuel,
Fechas asociadas al nombre 1724-1804
9 (RLIN) 222608
245 10 - MENCIÓN DEL TÍTULO
Título En defensa de la Ilustración /
Mención de responsabilidad, etc. Immanuel Kant ; traducción Javier Alcoriza y Antonio Lastra ; introducción José Luis Villacañas.
250 ## - MENCION DE EDICION
Mención de edición 1ª ed.
260 ## - PUBLICACIÓN, DISTRIBUCIÓN, ETC.
Lugar de publicación, distribución, etc. Barcelona :
Nombre del editor, distribuidor, etc. Alba,
Fecha de publicación, distribución, etc. 1999.
300 ## - DESCRIPCIÓN FÍSICA
Extensión 408 p. ;
Dimensiones 22 cm.
490 1# - MENCIÓN DE SERIE
Mención de serie A Pensamiento. Clásicos ;
Designación de volumen o secuencia 1
650 14 - PUNTO DE ACCESO ADICIONAL DE MATERIA--TÉRMINO DE MATERIA
Término de materia o nombre geográfico como elemento de entrada Ilustración.
9 (RLIN) 13583
700 1# - ENTRADA AGREGADA--NOMBRE PERSONAL
Nombre de persona Alcoriza, Javier.
9 (RLIN) 19575
700 1# - ENTRADA AGREGADA--NOMBRE PERSONAL
Nombre de persona Lastra, Antonio.
9 (RLIN) 70495
700 1# - ENTRADA AGREGADA--NOMBRE PERSONAL
Nombre de persona Villacañas Berlanga, José Luis,
Fechas asociadas al nombre 1955-
9 (RLIN) 152048
830 0# - PUNTO DE ACCESO ADICIONAL DE SERIE-TÍTULO UNIFORME
Título uniforme A Pensamiento. Clásicos ;
Designación de volumen o secuencia 1
9 (RLIN) 180305
852 ## - LOCALIZACIÓN
Ubicación ES-MaACL
Número de control de estantería L-21937
Sublocalización o colección R.127315
Holdings
Estatus retirado Estado de pérdida Estado de daño No para préstamo Biblioteca de origen Biblioteca actual Ubicación en estantería Fecha de adquisición Fuente de adquisición Total de préstamos Signatura topográfica completa Código de barras Visto por última vez Precio de reemplazo Tipo de ítem Koha
        Biblioteca del Ateneo de Madrid Biblioteca del Ateneo de Madrid Depósito 2 17/01/2008     L-21937 1014966 23/02/2023 23/02/2023 Libro impreso